Jedno je potrebné meditácie na júl

Podrobná bibliografia
Médium: Kniha
Jazyk:slovenčina
Fyzický popis:31 strán 15 cm
Vydavateľské údaje: Bratislava Verbum 1947
Edícia:Spisy katolíckej akcie
Predmet:

MARC

LEADER 00000nam a2200000 4500
001 vtls011745308
003 SK-MaSNL
005 20260302021107.0
008 251029s1947 xo g 000 0 slo
015 |a SNBA1947 
035 |a urn:nbn:sk:snk-am00cvgj 
035 |a urn:nbn:sk:snk-am3ho8c 
035 |a 5ED20C99-057D-4978-864C-4BA4388A79EA 
040 |a SNK  |b slo  |c SNK  |e rda 
041 0 |a slo 
044 |a xo  |c SK 
072 7 |a 27-5  |x Liturgia. Kresťanské umenie a symbolika. Duchovný život  |2 konspekt 
080 |a 27-583  |2 2011 
080 |a (0:82-4)  |2 2011 
245 0 0 |a Jedno je potrebné  |b meditácie na júl 
264 1 |a Bratislava  |b Verbum  |c 1947 
300 |a 31 strán  |c 15 cm 
336 |a text  |b txt  |2 rdacontent 
337 |a bez média  |b n  |2 rdamedia 
338 |a zväzok  |b nc  |2 rdacarrier 
490 1 |a Spisy katolíckej akcie  |v sv. 7 
650 0 7 |a rozjímanie  |2 SNKPH  |9 2010 
650 0 7 |a Contemplation  |2 SNKPHeng  |9 313680 
655 7 |a úvahy  |2 SNKPH  |9 29403 
655 7 |a Essays  |2 SNKPHeng  |9 267540 
830 0 |a Spisy katolíckej akcie  |9 341796 
958 |a ONDV 
958 |a NT 
999 |c 1027468  |d 1029398 
952 |a SNK  |b SNK  |y PREZ  |7 0  |p 17A0721466  |o snkSE 3137  |i snkF 682/69  |8 5  |0 0  |1 0  |4 0  |d 2018-03-08  |f 1  |l 0  |r 2026-02-24 13:43:58  |w 2026-02-24 
952 |a SNK  |b SNK  |y VYP  |7 0  |p 17A1190203  |o snkSE 3137 D1  |i snkF 895/69  |8 5  |0 0  |1 0  |4 0  |d 2018-06-05  |l 0  |r 2026-02-24 13:43:58  |w 2026-02-24